000 00818nam a22002777a 4500
003 CHAP
005 20220329134339.0
008 971013s1966 r 00010 d
010 _a19121
011 _a20093
035 _a24181
040 _cCHAP
100 0 0 _aDíaz Marín, Luis Fernando.
_933546
245 _aPotencialidad de la leguminosas tropicales
260 _aChapingo, Méx. :
_bEl autor,
_c1966
300 _a17 h.
500 _aTrabajo de clase : Manejo de Pastizales
590 _aBATCH-UPD
_b10
_c20130110
_lUCH01
_h1240
590 _aBATCH-UPD
_b10
_c20130410
_lUCH01
_h0807
590 _aBATCH-UPD
_b10
_c20130914
_lUCH01
_h1625
590 _aCONVERSION
_b10
_c20130109
_lUCH01
_h1312
650 1 4 _aLeguminosas.
_965807
901 _aBK
942 _cTESIS
949 _bBC
_cTES
_d-55856
_eTS1
_i24181
_si
999 _c19121
_d19121